Optimización de la red de transporte en la empresa Hologic Surgical Products, Costa Rica
Gardado en:
| Autor Principal: | |
|---|---|
| Outros autores: | , |
| Formato: | Libro |
| Idioma: | Spanish |
| Publicado: |
[San José, Costa Rica]
2013
|
| Materias: | |
| Etiquetas: |
Engadir etiqueta
Sen Etiquetas, Sexa o primeiro en etiquetar este rexistro!
|
MARC
| LEADER | 00000nam a22000007a 4500 | ||
|---|---|---|---|
| 003 | 011616 | ||
| 005 | 20230825152218.0 | ||
| 008 | 151014b2013 cr a|||| |||| 00| ||spa d | ||
| 040 | |c cru CEDI | ||
| 090 | |a TFG 6787 | ||
| 100 | |9 1225 |a Jiménez Alvarado, María Jesús, 1988- | ||
| 245 | |a Optimización de la red de transporte en la empresa Hologic Surgical Products, Costa Rica | ||
| 260 | |a [San José, Costa Rica] |c 2013 | ||
| 300 | |a 172 hojas, 67 hojas : ilustraciones a color | ||
| 500 | |a Proyecto de graduación (licenciatura en ingeniería industrial)--Universidad de Costa Rica. Facultad de Ingeniería. Escuela de ingeniería Industrial | ||
| 501 | |a Directora de Proyecto de Graduación: Inga. Carolina Vásquez Soto | ||
| 610 | 0 | |9 1227 |a HOLOGIC SURGICAL PRODUCTS COSTA RICA | |
| 650 | |x CONTROL DE PROCESOS |x PLANIFICACION DE LA PRODUCCION |x INDUSTRIA DE SUMINISTROS MEDICOS |x LOGISTICA EN LOS NEGOCIOS |x MEDICINA - APARATOS E INSTRUMENTOS - TRANSPORTE |x INDUSTRIA DE SUMINISTROS MEDICOS - CONTROL DE LA PRODUCCION |9 1515 | ||
| 700 | |9 1226 |a Quesada Calvo, Luis Adolfo, 1987- | ||
| 700 | |9 215 |a Vásquez Soto, Carolina, 1969- |d Directora del TFG | ||
| 942 | |c CEDI | ||
| 999 | |c 14157 |d 14157 | ||
